Statistics for Countries that border Turkey

Click here to take the quiz!

General Stats

  • This quiz has been taken 29 times
  • The average score is 8 of 8

Answer Stats

Continent Country % Correct
EuropeGreece
100%
AsiaIran
100%
AsiaSyria
100%
EuropeBulgaria
97%
EuropeGeorgia
97%
AsiaIraq
97%
AsiaArmenia
90%
AsiaAzerbaijan
83%

Score Distribution

Percentile by Number Answered

Percent of People with Each Score

Your Score History

You have not taken this quiz